书目信息 |
| 书名: | Educational and Psychological Measurement and Evaluation | |
| 作者: | Stanley,Hopkins. | |
| 分册号: | ||
| 分册名: | 出版地: | NEW JERSEY : |
|
| 出版社: | Prentice-Hall,inc.,Englewood Cliffs | |
| 出版时间: | 1972. | |
| 页数: | 520 p. ; | |
| 开本: | 24cm. | |
| 丛书名: | ||
| 中图分类号: | ||
| 科图分类号: | ||
| 其他分类号: | G44 | |
| 主题词: | ||
| 电子资源: | ||
| 000 | 00447nam 2200145 a 4500 | |
| 001 | E0359412771 | |
| 005 | 2003062016301277 | |
| 008 | 030620s1972 00010 eng | |
| 020 | @a0-13-236281-3 :@cRMB 12.00. | |
| 040 | @aPFT@beng | |
| 090 | @aG44 | |
| 099 | @dG44@eS788 | |
| 245 | @aEducational and Psychological Measurement and Evaluation / @cStanley,Hopkins. | |
| 260 | @aNEW JERSEY :@bPrentice-Hall,inc.,Englewood Cliffs,@c1972. | |
| 300 | @a520 p. ;@c24cm. | |
| Educational and Psychological Measurement and Evaluation / / Stanley,Hopkins.-NEW JERSEY : : Prentice-Hall,inc.,Englewood Cliffs, , 1972. |
| 520 p. ; ; 24cm. |
| ISBN 0-13-236281-3 :RMB 12.00. |
| ● |
| 相关链接 |
|
|
|
正题名:Educational and Psychological Measuremen
索取号:G44/S788
 
预约/预借
| 序号 | 登录号 | 条形码 | 馆藏地/架位号 | 状态 | 备注 |
| 1 | 04251 | 300042512 | 社科库409/409社科库 119排2列1层/ [索取号:G44/S788] | 在馆 |